Представление документа в формате MARC21

Поле Инд. ПП Название Значение
Тип записи a
Библиографический уровень b
001 Контрольный номер DU/602861885
005 Дата корректировки 20250318111711.7
008 Кодируемые данные 20190124
040 b Код языка каталог. rus
e Правила каталог. PSBO
041 0_ a Код языка текста rus
084 a Индекс другой классификации/Индекс ББК 88.323
100 1_ a Автор Демедецкая Я. А.
q Полное имя Демедецкая Яэль Александровна
100 1_ a Автор Кумченко С. К.
q Полное имя Кумченко Сергей Константинович
245 10 a Заглавие Специфическое соотношение транссексуалов в русскоязычных странах
504 a Библиография Библиогр.: с. 151 - 152
520 a Аннотация В этом тексте мы постарались в концентрированном и одновременно несложном для восприятия виде собрать информацию о трансгендерности – начиная с основных определений, затрагивая историко-культурные, медицинские, правовые ракурсы, и заканчивая ситуацией в нашей стране. Даже если вы достаточно знакомы с этой темой, вы наверняка сможете открыть для себя что-то новое. Прежде чем говорить о трансгендерности, стоит начать с гендера как такового. Если «пол» – это совокупность биологических признаков организма, так или иначе связанных с функцией репродукции (то есть размножения), то «гендер» – социальная надстройка над ними. «Мужские» и «женские» традиционные роли, способы поведения, сферы деятельности и связанные со всем этим установки – все это относится именно к гендеру, а не к полу. Отделять гендер от пола стали сравнительно недавно – в 70-х годах прошлого века, когда благодаря феминистским исследованиям стало ясно, что гендерные проявления различаются в разных культурах, разных цивилизациях, а также очень меняются с ходом истории. Таким образом, они не являются следствием какого-то особого «женского» и «мужского» устройства мозга, как считалось ранее, а обусловлены устройством общества
650 14 a Основная рубрика гендерная психология
a Основная рубрика психология
a Основная рубрика психология личности
653 a Ключевые слова гендерная идентичность
a Ключевые слова Россия
a Ключевые слова трансгендер
a Ключевые слова транссексуализм
a Ключевые слова транссексуалы
773 08 t Заглавие источника Психология. Историко-критические обзоры и современные исследования
d Дата издания источника 2018
g Прочая информация Т. 7, № 1А. - С. 145 - 155
w Контрольный № источника DU/598461108
901 t Тип документа b